000 00669nam a22002171 4500
001 142128
003 ES-MaACL
005 20230906200442.0
007 t|
008 071003s1945 sp ||||0| spa d
016 7 _zIND2000946530
040 _aM-BN
_bspa
_cCDM
100 1 _aWillkie, Wendell L.
_9116984
245 1 3 _aUn mundo /
_cWendell L. Willkie ; [traducción íntegra... del inglés por R. Bern].
250 _a1ª ed.
260 _aBarcelona :
_bAymá :
_b["La Académica"],
_c1945.
300 _a240 p., 1 h. de lám., 1 h. de mapas :
_bretr. ;
_c19 cm.
700 1 _aBern, R.
_928155
852 _aES-MaACL
_jB-10045
_bR.21579
999 _c142128
_d142128